000 00755nam a2200205Ia 4500
001 b3522-26002 [5021]
003 IT-MiCISF
008 161014s9999||||xx |||||||||||||| ||und||
040 _aIT-MiCISF
_cIT-MiCISF
041 _ait
100 _aO'Hearn Michael (a cura di)
245 0 _aCostruire l'amore
_bGuida per gli animatori; esercizi-attività per lui; esercizi-attività per lei; i grandi temi
250 _a1a ed.
260 _a Padova
_bEdizioni Messaggero
_c1995 [Edizione originale: 1990]
300 _app. XX
500 _a / matrimonio-sacramento, preparazione-al-matrimonio, operatori, comunicazione, coppia, procreazione-responsabile, spiritualità-coniugale /
650 _amatrimonio
942 _cBK
957 _71
999 _a26002
_bsi
_g1
_c213837
_d213837